LDR 00635naa#a2200169#i#450# 001 EN\\bibl\120957 005 20260702033402.4 011 ## _a2782-5256 100 ## _a20251225b2025####ek#y0engy0150####ca 102 ## _aRU 200 1# _aCross-border arms trade in the context of military conflict: challenges for regional security _eJournal article 210 1# _aMoscow _cMoscow University of the Ministry of Internal Affairs of Russia named after V.Ya. Kikot _d2025 215 ## _a6 с. 608 ## _aJournal article _2local 675 ## _aПраво. Юридические науки. 34 _z 700 #1 _aEpifanov _gAleksandr Egorovich 856 4# _amosumvd.editorum.ru _u